تحميل...

എ൯ വി യുടെ തെരഞ്ഞെടുത്ത പ്രബന്ധങ്ങള്‍

التفاصيل البيبلوغرافية
المؤلفون الرئيسيون: എ൯ വി കൃഷ്ണവാരിയ൪, N V Krishna Warrier
مؤلفون آخرون: എം ആ൪ ചന്ദ്രശേഖര൯, (വിവ.), M R Chandrasekharan (Edi.)
التنسيق: Printed Book
منشور في: Trichur; Kerala Sahitya Akademi; 2006
الطبعة:1st
الموضوعات:
LEADER 00905nam a22002057a 4500
082 |a 894M4  |b KRI/N P6 
100 |a എ൯ വി കൃഷ്ണവാരിയ൪;  |9 136590 
100 |a N V Krishna Warrier  |9 136591 
240 |a N V Yude Theranjedutha Prabhandangal 
245 |a എ൯ വി യുടെ തെരഞ്ഞെടുത്ത പ്രബന്ധങ്ങള്‍ 
250 |a 1st 
260 |a Trichur;  |b Kerala Sahitya Akademi;  |c 2006 
300 |a 192p. 
650 |a മലയാളം; ലേഖനങ്ങള്‍   |9 136592 
650 |a Malayalam; Essays  |9 136593 
700 |a എം ആ൪ ചന്ദ്രശേഖര൯, (വിവ.)  |9 136594 
700 |a M R Chandrasekharan (Edi.)  |9 136595 
942 |c BK 
999 |c 45549  |d 45549 
952 |0 0  |1 0  |4 0  |6 894M4_KRI_N_P6  |7 0  |8 ESS  |9 53075  |a MAL  |b MAL  |d 2015-11-17  |e GM22  |g 120.00  |l 0  |o 894M4 KRI/N P6  |p MALGM000022  |r 2015-11-17  |t 1  |w 2015-11-17  |y BK